Kłam, aby wygrać #2 - Statystyki

Ogólne statystyki
  • Ten quiz został rozwiązany 11 760 razy
    11 418 od ostatniego zresetowania
  • Średni wynik to 15 z 20
Statystyki odpowiedzi
Hint Odpowiedź % Poprawnych
Czy masz mózg? Nie
94%
Czy pieniądze rosną na drzewach? Tak
92%
Czy ciągle żyjesz? Nie
90%
Czy Józef Stalin i Adolf Hitler byli braćmi? Tak
89%
Czy to zdanie pytające? Nie
88%
Czy Indie mają więcej ludności niż Watykan? Nie
85%
Czy wtorek jest po poniedziałku? Nie
84%
Czy "no" po angielsku oznacza "tak"? Tak
81%
Czy masz 6 rąk, 7 nóg i 3 pary oczu? Tak
81%
Jaki jest antonim słowa "tak"? Tak
76%
Czy jest jakieś państwo, którego nazwa zaczyna się na X? Tak
76%
Czy tona to więcej niż kilogram?
Nie
75%
Czy Jurassic Park jest dokumentem? Tak
75%
Czy "a" to samogłoska? Nie
73%
5+5=25. Czy to prawda? Tak
65%
Czy wieloryby to ryby? Tak
61%
Czy mała owca to jagnię? Nie
59%
Czy przeczytałeś to pytanie? Nie
58%
Pikachu jest żółty, prawda? Nie
54%
Czy kiedykolwiek korzystał*ś z internetu? Nie
50%
Nie znaleziono quizów pasujących do podanych kryteriów
Rozkład punktacji
Procent ludzi z każdym wynikiem
Percentyl według liczby udzielonych odpowiedzi
Twoja historia wyników
Nie rozwiązałeś tego quizu od ostatniego zresetowania